[Event "FRA-chT3 0405"]
[Site "France"]
[Date "2004.11.06"]
[Round "2"]
[White "Le Floch, Sylvain"]
[Black "Jegourel, Cyrille"]
[Result "0-1"]
[WhiteElo "1820"]
[BlackElo "2082"]
[PlyCount "40"]
[EventDate "2004.10.10"]
[EventType "team"]
[EventRounds "9"]
[EventCountry "FRA"]
[SourceTitle "EXT 2007"]
[Source "ChessBase"]
[SourceDate "2006.11.23"]
[SourceVersion "1"]
[SourceVersionDate "2006.11.23"]
[SourceQuality "1"]

1. e4 e6 2. d4 d5 3. exd5 exd5 4. Bd3 c5 5. c3 Nc6 6. Ne2 Nf6 7. Bg5 Be7 8. Nd2 0-0 9. 0-0 h6 10. Bxf6 Bxf6 11. Nf3 Bg4 12. dxc5 Bxf3 13. gxf3 d4 14. cxd4 Nxd4 15. Nxd4 Bxd4 16. Qc2 Rc8 17. Rad1 Qg5+ 18. Kh1 Rxc5 19. Qa4 Qf4 20. Qxd4 Qxf3+ 0-1

[Event "FRA-chT4 0304"]
[Site "Bretagne"]
[Date "2003.12.07"]
[Round "3"]
[White "Le Garrec, Christophe"]
[Black "Le Floch, Sylvain"]
[Result "0-1"]
[WhiteElo "1530"]
[BlackElo "1730"]
[PlyCount "90"]
[EventDate "2003.10.12"]
[EventType "team"]
[EventRounds "9"]
[EventCountry "FRA"]
[SourceTitle "EXT 2005"]
[Source "ChessBase"]
[SourceDate "2004.11.15"]
[SourceVersion "1"]
[SourceVersionDate "2004.11.15"]
[SourceQuality "1"]

1. d4 Nf6 2. c4 d6 3. Nc3 g6 4. Bf4 Bg7 5. e3 0-0 6. Bd3 Nbd7 7. Nge2 c5 8. 0-0 Re8 9. d5 Nf8 10. Bc2 Bd7 11. f3 Qc7 12. Rb1 a6 13. e4 Red8 14. Re1 Nh5 15. Bd2 e5 16. g4 Nf6 17. Qc1 b5 18. Bd3 b4 19. Nd1 Bc8 20. Nf2 a5 21. Bg5 Re8 22. Ng3 Ra7 23. b3 Rb7 24. f4 Nxg4 25. Rb2 exf4 26. Bxf4 Bxb2 27. Qxb2 f5 28. Qc2 Nxf2 29. Qxf2 Qd8 30. Rf1 Rf7 31. Qg2 Qf6 32. Nh5 Qd4+ 33. Kh1 Qxd3 34. Bxd6 Qxe4 35. Rf3 Qe1+ 36. Rf1 Qe4 37. Rf3 Qb1+ 38. Rf1 Qe4 39. Rf3 Qg4 40. Ng3 Re1+ 41. Rf1 Rxf1+ 42. Qxf1 f4 43. Ne4 f3 44. Ng3 f2 45. Bxc5 Qf3+ 0-1

[Event "FRA-chT4 0304"]
[Site "Bretagne"]
[Date "2003.11.16"]
[Round "2"]
[White "Le Floch, Sylvain"]
[Black "Larcher, Jeremy"]
[Result "1-0"]
[WhiteElo "1730"]
[BlackElo "1520"]
[PlyCount "59"]
[EventDate "2003.10.12"]
[EventType "team"]
[EventRounds "9"]
[EventCountry "FRA"]
[SourceTitle "EXT 2005"]
[Source "ChessBase"]
[SourceDate "2004.11.15"]
[SourceVersion "1"]
[SourceVersionDate "2004.11.15"]
[SourceQuality "1"]

1. e4 c6 2. d4 d5 3. exd5 cxd5 4. Nf3 Nf6 5. Bd3 Nc6 6. c3 e6 7. 0-0 Bd6 8. Bg5 0-0 9. Bc2 h6 10. Bh4 b6 11. Re1 a5 12. Nbd2 Ba6 13. Ne5 Rc8 14. Bxf6 Qxf6 15. Nd7 Bxh2+ 16. Kxh2 Qh4+ 17. Kg1 Rfd8 18. Nxb6 Rb8 19. Na4 Re8 20. Nf3 Qf6 21. Nc5 Bc8 22. Qd3 g6 23. b3 Re7 24. Qe3 Qg7 25. Re2 Kh7 26. Rae1 Qf6 27. Nh2 Rc7 28. Ng4 Qg7 29. Qf4 f5 30. Nf6+ 1-0

[Event "FRA-chT4 0203"]
[Site "Bretagne"]
[Date "2003.02.02"]
[Round "5"]
[White "Le Floch, Sylvain"]
[Black "Cotillard, Pascal"]
[Result "0-1"]
[WhiteElo "1790"]
[BlackElo "1499"]
[PlyCount "66"]
[EventDate "2002.10.??"]
[EventType "team"]
[EventRounds "7"]
[EventCountry "FRA"]
[SourceTitle "EXT 2007"]
[Source "ChessBase"]
[SourceDate "2006.11.23"]
[SourceVersion "1"]
[SourceVersionDate "2006.11.23"]
[SourceQuality "1"]

1. e4 e6 2. d4 d5 3. e5 c5 4. c3 Nc6 5. Nf3 h6 6. Bb5 Qb6 7. a4 c4 8. 0-0 Be7 9. Be3 Bd7 10. Nbd2 f6 11. Qc2 f5 12. Bxc4 dxc4 13. d5 Qa6 14. dxc6 Bxc6 15. Nd4 Bd5 16. N2f3 g5 17. Nb5 Rc8 18. Nxa7 g4 19. Nd2 b6 20. Nxc8 Qxc8 21. f3 Bc5 22. Bxc5 Qxc5+ 23. Kh1 Ne7 24. fxg4 Rg8 25. Rg1 Rxg4 26. b4 Qf2 27. Ne4 Qxc2 28. Nf6+ Kf7 29. Nxg4 fxg4 30. Raf1+ Nf5 31. a5 Kg6 32. a6 Kh5 33. Rxf5+ Qxf5 0-1

[Event "FRA-chT4 0203"]
[Site "Bretagne"]
[Date "2003.01.19"]
[Round "4"]
[White "Le Floch, Sylvain"]
[Black "Ragot, Martin"]
[Result "0-1"]
[WhiteElo "1790"]
[BlackElo "1710"]
[PlyCount "78"]
[EventDate "2002.10.??"]
[EventType "team"]
[EventRounds "7"]
[EventCountry "FRA"]
[SourceTitle "EXT 2007"]
[Source "ChessBase"]
[SourceDate "2006.11.23"]
[SourceVersion "1"]
[SourceVersionDate "2006.11.23"]
[SourceQuality "1"]

1. e4 e5 2. Nf3 Nc6 3. d4 d6 4. dxe5 Qe7 5. Nc3 dxe5 6. Bb5 Bd7 7. 0-0 Nf6 8. Nd5 Qd6 9. Re1 0-0-0 10. c4 Nb8 11. Bxd7+ Nbxd7 12. Qc2 Qc6 13. Be3 Bc5 14. Bxc5 Qxc5 15. b4 Qd6 16. a3 Nxd5 17. cxd5 Nb6 18. Rac1 h6 19. Red1 Rd7 20. Qc3 Re8 21. Nd2 f5 22. f3 Ree7 23. Nb3 Na4 24. Qe3 Qb6 25. Qxb6 Nxb6 26. d6 Rf7 27. dxc7 Rxd1+ 28. Rxd1 fxe4 29. fxe4 Nc4 30. a4 Ne3 31. Re1 Nc2 32. Rb1 Rxc7 33. Nc5 Nxb4 34. Rxb4 Rxc5 35. Kf2 a5 36. Rb2 Rc4 37. Rb5 Rxe4 38. Rxa5 b6 39. Kf3 Rf4+ 0-1